Famous Marks Quiz Stats

 Plays Quiz Updated Aug 15, 2017

Also try: Famous Howards
Challenge
Share
Tweet
Embed
Score 0/20 Timer 07:00
1 Play Today
Hint Answer % Correct
Born Samuel Langhorne Clemens, he authored 'The Adventures of Tom Sawyer' Mark Twain
92.8%
Star of 'The Departed' and 'The Other Guys'Mark Wahlberg
78.3%
Songwriter and ex-husband of Jennifer LopezMarc Anthony
71.2%
Roman general and politician and loyal friend of Gaius Julius Caesar Mark Antony
63.5%
Swimmer who won seven gold medals at the 1972 Munich Olympic GamesMark Spitz
59.6%
MLB player who hit 70 home runs in 1998Mark McGwire
56.6%
Luke SkywalkerMark Hamill
55.7%
Owner of the Dallas MavericksMark Cuban
53.7%
Co-Founder of FacebookMark Zuckerberg
47.9%
Hockey Hall of Fame player for the Oilers, Rangers, and CanucksMark Messier
34.8%
Hint Answer % Correct
White Sox pitcher who pitched a perfect game in 2009Mark Buehrle
34.1%
Assassin of John LennonMark David Chapman
33.2%
Plays Leroy Jethro Gibbs in the CBS series 'NCIS'Mark Harmon
31.5%
American actor from 'Eternal Sunshine of the Spotless Mind' and 'Zodiac'Mark Ruffalo
24.6%
Lead guitarist and vocalist for Dire StraitsMark Knopfler
22.8%
Grammy-winning singer-songwriter of 'Walking in Memphis'Marc Cohn
19.3%
Former LAPD detective convicted for perjury during the OJ Simpson trialMark Fuhrman
15.3%
Russian–French Surrealist painter with works such as 'La Mariée' and 'Bella with White Collar'Marc Chagall
14.2%
He played the title role of 'The Beastmaster' as well as Mike Donovan in 'V'Marc Singer
7.8%
American FBI official known as Deep ThroatW. Mark Felt
7.5%

You're not logged in!

Compare scores with friends on all Sporcle quizzes.
Join for Free
OR
Log In

You Might Also Like...

Show Comments

Extras

Top Quizzes Today


Score Distribution

Your Account Isn't Verified!

In order to create a playlist on Sporcle, you need to verify the email address you used during registration. Go to your Sporcle Settings to finish the process.

Report this User

Report this user for behavior that violates our Community Guidelines.

Details: